| 000 | 00638nam a2200193Ia 4500 | ||
|---|---|---|---|
| 008 | 151121s9999||||xx |||||||||||||| ||und|| | ||
| 082 | _a551।5/कुलक | ||
| 082 | _bHNW-114512 | ||
| 100 | _aकुलकर्णी कुमार | ||
| 245 | _aलहरी हवामान | ||
| 260 | _b"ग्रंथाली प्रकाशन, मुंबई।" | ||
| 260 | _c2006 | ||
| 300 | _a73 | ||
| 600 | _aकुलकर्णी कुमार | ||
| 630 | _aलहरी हवामान | ||
| 700 | _aकुलकर्णी कुमार | ||
| 730 | _aलहरी हवामान | ||
| 942 | _cBOOK | ||
| 999 |
_c1263478 _d1263475 |
||